How to Change the world (Record no. 4476)

MARC details
000 -LEADER
fixed length control field 00392nam a22001697a 4500
005 - DATE AND TIME OF LATEST TRANSACTION
control field 20160628144730.0
008 - FIXED-LENGTH DATA ELEMENTS--GENERAL INFORMATION
fixed length control field 160628b xxu||||| |||| 00| 0 eng d
020 ## - INTERNATIONAL STANDARD BOOK NUMBER
ISBN 0-14-303252-6
041 ## - LANGUAGE CODE
Language code of text/sound track or separate title eng
082 ## - DEWEY DECIMAL CLASSIFICATION NUMBER
Item number 10606
100 ## - MAIN ENTRY--AUTHOR NAME
Personal name Bornstein, David
245 ## - TITLE STATEMENT
Title How to Change the world
260 ## - PUBLICATION, DISTRIBUTION, ETC. (IMPRINT)
Name of publisher Penguin Book
Year of publication 2005
300 ## - PHYSICAL DESCRIPTION
Number of Pages 282
650 ## - SUBJECT ADDED ENTRY--TOPICAL TERM
Topical Term Management
942 ## - ADDED ENTRY ELEMENTS (KOHA)
Koha item type Books
Holdings
Lost status Damaged status Collection code Home library Current library Shelving location Date acquired Cost, normal purchase price Full call number Accession Number Koha item type
    LIFE SKILL JRU Library JRU Library SHELF-102-F 28/06/2016 395.00 361.2 10606 Books